000 005640000a22001690004500
003 MACL
005 20160317132442.0
008 160317b xxu||||| |||| 00| 0 eng d
040 _aMACL
_cMACL
041 _aHindi
082 _a954
100 _aगांधी मोहनदास करमचंद
_937743
245 _aसत्‍याग्रह आश्रमका अतिहास
260 _bनवजीवन प्रकाशन
_c1948
_aअहमदाबाद
650 _aIndian Literature History
_946921
942 _cHIN
_k954
_2ddc
999 _c23039
_d23039